Traduction Français/Anglais : VII.1. Education - Statistiques

Statistiques générales
  • Ce quiz a été pris 3 fois
  • Le résultat moyen est 8 sur 50
Statistiques - réponses
Hint Réponse % Correct
un département a department
100%
un bureau, un pupitre a desk
100%
l’algèbre algebra
100%
une bibliothèque, un C.D.I. a library
100%
un professeur d’anglais an English teacher
100%
un président a president
100%
le dessin drawing
100%
la géographie geography
100%
la géologie geology
100%
la grammaire grammar
100%
le latin Latin
100%
la musique music
100%
la peinture painting
100%
la philosophie philosophy
100%
la technologie technology
100%
apprendre to learn
100%
comprendre to understand
100%
de la colle glue
50%
passif passive
50%
L’année scolaire The school year
50%
répéter to repeat
50%
un stylo-bille a ball-point pen
0%
un bic a biro
0%
un interne a boarder
0%
un internat a boarding school
0%
une bibliothèque (meuble) a bookcase
0%
une cabine a booth
0%
une boîte de peinture a box of paints
0%
une récréation a break
0%
un pinceau a brush
0%
distrait absent-minded
0%
une petite brute, une terreur a bully
0%
une école de commerce a business school
0%
un cours a class
0%
une salle de classe a classroom
0%
un vestiaire a cloakroom
0%
un cahier a copybook / an exercise-book
0%
une crèche a day nursery / a day-care centre
0%
un externe a day pupil
0%
un externat a day school
0%
un doyen a dean
0%
une licence de sciences a degree in science / a science degree
0%
le sous-directeur, la sous-directrice (l’adjoint(e), le censeur) a deputy headmaster / headmistress
0%
un agenda a diary
0%
un réfectoire a dining-hall
0%
un diplôme a diploma
0%
un dortoir a dormitory
0%
un tampon effaceur a duster
0%
une faculté a faculty
0%
une faculté de lettres a faculty of Arts
0%
un feutre a felt-tip pen
0%
une classe a form
0%
un professeur principal a form master
0%
un stylo a fountain-pen
0%
un relevé de notes a grade sheet /(US)
0%
un gymnase a gymnasium
0%
un directeur de département a head of department
0%
un cahier de brouillon a jotter
0%
un bloc-notes a jotting-pad
0%
un laboratoire a laboratory / a lab
0%
un laboratoire de langues a language laboratory
0%
une faculté de droit a law school
0%
un maître-assistant a lecturer
0%
une leçon a lesson
0%
un niveau a level
0%
une note a mark
0%
une faculté de médecine a medical school
0%
une école d’ingénieurs an engineering college
0%
une gomme an eraser / a rubber
0%
une composition, une dissertation an essay
0%
un examen an examination / an exam
0%
une copie an exam paper
0%
un exercice an exercise
0%
un inspecteur an inspector
0%
carnet a notebook
0%
une comptine a nursery rhyme
0%
une école maternelle a nursery school
0%
un copain, une copine a pal
0%
un trombone a paper clip
0%
un crayon a pencil
0%
une trousse a pencil-case
0%
un taille-crayon a pencil-sharpener
0%
une heure de cours a period
0%
un morceau de craie a piece of chalk
0%
une cour de récréation a playground
0%
un terrain de sports a playing-field / a sportsground
0%
une garderie a playschool / a playgroup
0%
un instituteur, une institutrice a primary-school teacher
0%
Différents types d’écoles a private school
0%
un professeur (d’université) a professor
0%
un test de niveau a proficiency test
0%
un rapporteur a protractor
0%
un grand collège (privé) a Public School /(GB)
0%
une école publique a public school /(US)
0%
un élève a pupil
0%
une règle a ruler
0%
un cartable a satchel / a schoolbag
0%
une bourse universitaire (sur concours) a scholarship
0%
un écolier, une écolière a schoolboy / a schoolgirl
0%
un car de ramassage scolaire a schoolbus
0%
un documentaliste a school librarian
0%
un camarade d’école a schoolmate
0%
une sortie scolaire a school outing
0%
un devoir a school paper
0%
un dossier scolaire a school record
0%
un bulletin scolaire a school report
0%
un professeur de l’enseignement secondaire a secondary-school teacher
0%
un semestre a semester
0%
un maître de conférence a senior lecturer / a reader
0%
une feuille a sheet
0%
une équerre a square
0%
une agrafeuse a stapler
0%
une bourse d’État a state grant
0%
une école privée a state school
0%
un étudiant a student
0%
un magnétophone a tape-recorder
0%
un enseignant a teacher
0%
un trimestre a term
0%
une épreuve a test
0%
un manuel a textbook
0%
un emploi du temps a timetable
0%
un directeur d’études a tutor
0%
une université a university
0%
un atelier a workshop
0%
arriéré backward
0%
mauvais bad
0%
la biologie biology
0%
la botanique botany
0%
négligent careless
0%
de la craie chalk
0%
la chimie chemistry
0%
l’éducation civique citizenship
0%
les langues mortes classical languages
0%
intelligent clever / intelligent / bright
0%
un compas compasses / a pair of compasses
0%
perturbateur disruptive
0%
l’économie ménagère domestic science
0%
du papier à dessin drawing-paper
0%
peu doué dull
0%
bête, nigaud dumb
0%
l’économie economics
0%
le dessin industriel engineering drawing
0%
excellent excellent
0%
assez bien fair
0%
les langues étrangères foreign languages
0%
la géométrie geometry
0%
doué gifted, brainy
0%
satisfaisant good
0%
le grec Greek
0%
congé de mi-trimestre half-term
0%
les travaux manuels handicrafts
0%
bûcheur hard-working
0%
L’enseignement supérieur Higher education
0%
l’histoire history
0%
des vacances holidays // a vacation /(US)
0%
analphabète illiterate
0%
indulgent lenient
0%
la littérature literature
0%
la pause de midi lunch break
0%
les mathématiques (les maths) mathematics /(maths)
0%
la métaphysique metaphysics
0%
les langues vivantes modern languages
0%
obéissant obedient
0%
brillant outstanding
0%
sérieux, appliqué painstaking
0%
l’éducation physique (P.T.) physical training
0%
la physique physics
0%
docile pliable / docile
0%
insuffisant poor
0%
tranquille, sage quiet, still
0%
l’instruction religieuse religious instruction
0%
agité restless
0%
la scolarisation school attendance
0%
La scolarité Schooling
0%
Le matériel scolaire School materials
0%
Les matières scolaires School subjects
0%
les sciences science
0%
à l’esprit vif sharp
0%
des étagères shelves /(a shelf)
0%
le chant singing
0%
l’orthographe spelling
0%
sévère strict
0%
stupide, bête stupid / foolish / silly
0%
bavard talkative
0%
la moyenne the average
0%
le tableau the board
0%
le conseil d’établissement the board of governors
0%
les vacances de Noël the Christmas holidays
0%
le programme the curriculum / the syllabus
0%
les vacances de Pâques the Easter Holidays
0%
le directeur, la directrice (le principal, le proviseur) the headmaster / headmistress
0%
le bureau du principal, du proviseur the head's office
0%
Les locaux The premises
0%
les bâtiments scolaires the school buildings
0%
Le personnel The staff
0%
la salle des professeurs the staffroom
0%
les grandes vacances the summer holidays
0%
le corps enseignant the teaching profession
0%
additionner to add up
0%
répondre to answer
0%
demander to ask
0%
bien se conduire to behave oneself
0%
bavarder to chat
0%
tricher to cheat
0%
vérifier to check
0%
compter to count
0%
mériter to deserve
0%
perturber to disrupt
0%
diviser to divide
0%
dessiner to draw
0%
rêver to dream
0%
s’inscrire to enrol
0%
effacer, gommer to erase / to rub out
0%
mettre à la porte to expel
0%
échouer to fail
0%
s’agiter to fidget
0%
pouffer de rire to giggle
0%
obtenir un diplôme to graduate
0%
diriger to head
0%
s’améliorer to improve
0%
faire une conférence, un cours (universitaire) to lecture
0%
passable tolerable
0%
écouter to listen
0%
signifier, vouloir dire to mean
0%
mémoriser, apprendre par cœur to memorize
0%
multiplier to multiply
0%
obéir to obey
0%
faire observer to observe
0%
peindre to paint
0%
être reçu à un examen to pass
0%
punir to punish
0%
laisser perplexe to puzzle
0%
lire to read
0%
réciter to recite
0%
faire remarquer to remark
0%
faire de la recherche to research
0%
récompenser to reward
0%
réprimander to scold / to tell off
0%
griffonner, gribouiller to scribble
0%
se taire to shut up
0%
chanter to sing
0%
résoudre to solve
0%
épeler, orthographier to spell
0%
étudier to study
0%
soustraire to subtract
0%
résumer to sum up
0%
exclure to suspend
0%
parler to talk
0%
enseigner to teach
0%
former to train
0%
effacer (le tableau) to wipe
0%
noter, mettre par écrit to write down
0%
les frais de scolarité tuition fees
0%
l’absentéisme Types of schools
0%
sans soin untidy
0%
très bien very good
0%
la zoologie zoology
0%
Aucun quiz correspondant
Distribution des résultats
% des personnes avec chaque résultat
Percentile par nombre de réponses
Votre historique - résultats
Vous n’avez pas pris ce quiz